00488nam a2200157Ia 4500008004100000040001400041082001100055100002900066245005100095260002900146365002600175366000800201505001900209630005100228730005100279100315s9999 xx 000 0 und d cENGLISH  b2644  a"Sighania, Vinod Kumar " aTaxaman dircect taxes Law and Practice 1993-94 aDELHI bTAXMANN  c0  eRupees d1 b0.00  f0  gJaya Nikhade  aTaxaman dircect taxes Law and Practice 1993-94 aTaxaman dircect taxes Law and Practice 1993-94